Développement durable (notice n° 1566709)

détails MARC
000 -LEADER
fixed length control field 01179cam a2200133 4500500
005 - DATE AND TIME OF LATEST TRANSACTION
control field 20251214002040.0
041 ## - LANGUAGE CODE
Language code of text/sound track or separate title fre
042 ## - AUTHENTICATION CODE
Authentication code dc
100 10 - MAIN ENTRY--PERSONAL NAME
Personal name Mancebo, François
Relator term author
245 00 - TITLE STATEMENT
Title Développement durable
260 ## - PUBLICATION, DISTRIBUTION, ETC.
Name of publisher, distributor, etc. Armand Colin,<br/>
Date of publication, distribution, etc. 2013.<br/>
520 ## - SUMMARY, ETC.
Summary, etc. Selon un scénario classique, décider, c’est se renseigner, concevoir, choisir et agir. Au moment où le développement durable est invoqué partout mais n’est jamais défini, il est urgent d’en proposer une grille de lecture. François Mancebo en fait une analyse critique en restituant sa popularité mais aussi en dégageant ses ambiguïtés. L’ouvrage présente des données, des expertises, des analyses d’enjeux et de conflits. Il éclaire ainsi l’action collective en matière de développement durable. Sa vocation est de former à ces problématiques, non seulement les étudiants, mais encore les acteurs de l’aménagement et de l’urbanisme. Plus largement, enfin, il s’adresse aussi à tous ceux qui sont confrontés à ces questions dans leur vie quotidienne.
856 41 - ELECTRONIC LOCATION AND ACCESS
Uniform Resource Identifier <a href="https://shs.cairn.info/developpement-durable--9782200285968?lang=fr&redirect-ssocas=7080">https://shs.cairn.info/developpement-durable--9782200285968?lang=fr&redirect-ssocas=7080</a>

Pas d'exemplaire disponible.

PLUDOC

PLUDOC est la plateforme unique et centralisée de gestion des bibliothèques physiques et numériques de Guinée administré par le CEDUST. Elle est la plus grande base de données de ressources documentaires pour les Étudiants, Enseignants chercheurs et Chercheurs de Guinée.

Adresse

627 919 101/664 919 101

25 boulevard du commerce
Kaloum, Conakry, Guinée

Réseaux sociaux

Powered by Netsen Group @ 2025